Wastewater engineering (Record no. 2013)

000 -LEADER
fixed length control field 00986nam a22002774a 4500
001 - CONTROL NUMBER
control field 2013
003 - CONTROL NUMBER IDENTIFIER
control field BD-DhUET
008 - FIXED-LENGTH DATA ELEMENTS--GENERAL INFORMATION
fixed length control field 010926s2003 maua b 001 0 eng
020 ## - INTERNATIONAL STANDARD BOOK NUMBER
International Standard Book Number 007124140X
040 ## - CATALOGING SOURCE
Original cataloging agency DLC
Transcribing agency DLC
Modifying agency BD-DhUET
082 00 - DEWEY DECIMAL CLASSIFICATION NUMBER
Classification number 628.2
Item number TCH/2003
100 ## - MAIN ENTRY--PERSONAL NAME
Personal name Tchobanoglous, George
245 00 - TITLE STATEMENT
Title Wastewater engineering
Remainder of title treatment and reuse
Statement of responsibility, etc. by Revised by George Tchobanoglous, Franklin L. Burton and H. David Stensel
250 ## - EDITION STATEMENT
Edition statement 4th ed.
260 ## - PUBLICATION, DISTRIBUTION, ETC. (IMPRINT)
Place of publication, distribution, etc. Boston
Name of publisher, distributor, etc. McGraw-Hill
Date of publication, distribution, etc. 2003
300 ## - PHYSICAL DESCRIPTION
Extent xxviii,1819p.
Other physical details ill.
Dimensions 24 cm.
490 ## - SERIES STATEMENT
Series statement The Mcgraw-Hill series in civil and environmental engineering
504 ## - BIBLIOGRAPHY, ETC. NOTE
Bibliography, etc Includes bibliographies
650 #0 - SUBJECT ADDED ENTRY--TOPICAL TERM
Topical term or geographic name as entry element Sewerage
700 1# - ADDED ENTRY--PERSONAL NAME
Personal name Burton, Franklin L.
700 1# - ADDED ENTRY--PERSONAL NAME
Personal name Stensel, H. David.
942 ## - ADDED ENTRY ELEMENTS (KOHA)
Koha item type General Book
856 42 - ELECTRONIC LOCATION AND ACCESS
Uniform Resource Identifier http://www.loc.gov/catdir/description/mh021/2001053724.html
856 41 - ELECTRONIC LOCATION AND ACCESS
Uniform Resource Identifier http://www.loc.gov/catdir/toc/mh021/2001053724.html
856 42 - ELECTRONIC LOCATION AND ACCESS
Uniform Resource Identifier http://www.loc.gov/catdir/enhancements/fy0737/2001053724-b.html
Holdings
Copy number Price effective from Lost status Sublocation or collection (holding branch) Damaged status Koha date last borrowed Date acquired Koha full call number Not for loan Koha normalized classification for sorting Shelving location Koha item type Location (home branch) Koha issues (times borrowed) Withdrawn status Source of classification or shelving scheme Koha date last seen Piece designation (barcode)
12014-09-16 Central Library, BUET 2024-02-112014-09-16628.2/TCH/2003 628_000000000000000_2TCH2003Circulation sectionGeneral BookCentral Library, BUET3  2024-09-01107124